Statistics for Domestic Cities Farthest From Their Nations Capital

Click here to take the quiz!

General Stats

  • This quiz has been taken 25 times
  • The average score is 13 of 25

Answer Stats

HintAnswer% Correct
Washington D.C.3700 kmLos Angeles
100%
Washington D.C.3928 kmSan Francisco
100%
London556 kmGlasgow
96%
Washington D.C.3746 kmSeattle
96%
Berlin505 kmMunich
91%
London534 kmEdinburgh
87%
Washington D.C.3787 kmPortland
87%
Moscow6434 kmVladivostok
78%
London519 kmBelfast
70%
London641 kmAberdeen
65%
Berlin479 kmCologne
65%
Washington D.C.2898 kmSan Jose
57%
Berlin512 kmStuttgart
57%
Beijing2417 kmUrumqi
57%
Berlin479 kmDüsseldorf
52%
London582 kmDundee
43%
Moscow4218 kmIrkutsk
35%
Berlin455 kmEssen
30%
Moscow3363 kmKrasnoyarsk
9%
Beijing3043 kmAksu
0%
Beijing2157 kmBeihai
0%
Beijing2278 kmHaikou
0%
Moscow6159 kmKhabarovsk
0%
Moscow3128 kmNovojuznetsk
0%
Beijing2144 kmZhanjiang
0%

Score Distribution

Percentile by Number Answered

Percent of People with Each Score

Your Score History

You have not taken this quiz